| 000 | 02983cam a22005054i 4500 | ||
|---|---|---|---|
| 003 | PE-LiUPU | ||
| 005 | 20250731173344.0 | ||
| 008 | 150706s2009 miua rb 000 0 eng d | ||
| 020 | _a978801036279 | ||
| 035 | _a(Sirsi) i978801036279 | ||
| 040 |
_aPE-LiUPU _bspa _cPE-LiUPU _erda |
||
| 049 | _aPRUA | ||
| 082 | 0 | 4 |
_a220.046 _bD14 _221 |
| 100 | 1 |
_aDaly, Robert J., _d1933, _eautor. |
|
| 245 | 1 | 0 |
_aApocalyptic thought in early christianity / _cRobert J. Daly. |
| 264 | 1 |
_aGrand Rapids, Mich. : _bBaker Academic ; [Brookline, Mass.] : Holy Cross Orthodox Press, _c2009. |
|
| 300 |
_a303 páginas : _bilustraciones ; _c23 centímetros. |
||
| 336 |
_atext _2rdacontent |
||
| 337 |
_aunmediated _2rdamedia |
||
| 338 |
_avolume _2rdacarrier |
||
| 490 | 0 | _aHoly Cross studies in patristic theology and history | |
| 504 | _aIncluye referencias bibliografícas. | ||
| 505 | 0 | _a" I Know Your Works":Grace and judgment in the Apocalypse -- Apocalyptic Themes In The Monumental And Minor Art Of Early Christianity -- Turning and Points in Early Christian Apocalypse Exegesis 81 -- "Faithful and True": Early Christian Apocalyptic and the Person of Christ 106 -- Pseudo-Hippolytus's In sanctum Pascha :A Mystery Apocalypse -- The Divine face and the Angels of the face: Jewish Apocalyptic themes in Early Christology and Pneumatology -- Hippolytus and Cyril of Jerusalem of the Antichrist: When Did an antichrist Theology First Emerge in Early Christian Baptismal Catechesis? -- Expectations of the end in Early Syriac Christianity -- Heavenly Mysteries: Themes from Apocalyptic Literature in the Macarian Homilies and Selected Other Fourth - Century Ascetical Writers -- Eschatological Horizons in the cappadocian Fathers -- Christ's Descent to Underworld in ancient Ritual and legend -- Temple and Angel: Apocalyptic Themes in the Theology of St. John Damascene -- Images of the Second Coming and the Fate of the Soul in Middle Byzantine art. | |
| 526 | _aSEG42 | ||
| 526 | _aSEG41 | ||
| 526 | _aSEG40 | ||
| 526 | _aSEG39 | ||
| 526 | _aP94 | ||
| 526 | _aP87 | ||
| 526 | _aP86 | ||
| 526 | _aP85 | ||
| 526 | _aP77 | ||
| 526 | _aP76 | ||
| 526 | _aP35 | ||
| 541 | _g48101-1479; | ||
| 630 | 0 | 4 |
_aBiblia. _pN.T. _pApocalipsis _xCrítica, Interpretación, etc. _xHistoria _yIglesia primitiva, ca. 30 - 600. |
| 650 | 1 | 4 |
_aFin del mundo _xHistoria de las doctrinas _yIglesia primitiva, ca. 30 - 600. |
| 650 | 2 | 4 |
_aLiteratura apocalíptica _xHistoria y crítica. |
| 910 |
_agl _bjv _cng _d20091104 |
||
| 942 |
_2ddc _cBOOK |
||
| 949 |
_a220.046 D14 _wDEWEY _c1 _i60638 _lCCODEBUL1 _mBUL _p33.00 _r0 _sY _tBOOK _u2015-7-6 _xTEOLOGIA _zUNKNOWN _o.STAFF. Colección General |
||
| 994 |
_aC0 _bPEPRU |
||
| 596 | _a1 | ||
| 999 |
_a220.046 D14 _wDEWEY _c50053 _i60638 _d50053 _f2021-11-9 _g5 _lCCODEBUL1 _mBUL _p33.00 _q1 _r0 _sY _tBOOK _u2015-7-6 _xTEOLOGIA _PP35 _o.STAFF. Colección Teología |
||
| 980 |
_81 _gALBERTO SANCHEZ Responsable de Automatización |
||